| 000 | 00000nam##2200000za#4500 |
| 001 | 9.624017 |
| 003 | CaOODSP |
| 005 | 20240212134142 |
| 007 | ta |
| 008 | 150406|1996||||xxc||||| f|0| 0 fre|d |
| 020 | |a0-662-81512-2 |
| 022 | |a1713-0646 |
| 040 | |aCaOODSP|bfre |
| 043 | |an-cn--- |
| 086 | 1 |aNE22-1/1996-14F |
| 110 | 1 |aCanada. |bOffice national de l'énergie. |
| 245 | 10|aCoastal Gas Marketing Company (fournisseur: les producteurs); Coastal Gas Marketing Company (fournisseur: Morrison); Coastal Gas Marketing Company (fournisseur: Petro-Canada); Morgan Hydrocarbons Inc. et Coastal Gas Marketing Company; Renaissance Energy Ltd.; St. Lawrence Gas Company Inc.; Talisman Energy Inc. (Glenns Ferry); Talisman Energy Inc. (Rupert) : |bdemandes, présentées aux termes de la partie VI de la Loi sur l'Office national de l'énergie, visant l'obtention de licences d'exportation de gaz naturel |
| 260 | |aCalgary - Alberta : |bOffice national de l'énergie |cSeptembre 1996. |
| 300 | |avii, 47p. : |btableau ; |c28 cm. |
| 490 | 1 |aMotifs de décision|x1713-0646 |
| 563 | |aCouverture souple |
| 590 | |a96-41|b1996-10-11 |
| 775 | 08|tCoastal Gas Marketing Company (Producers Supply); Coastal Gas Marketing Company (Morrison Supply); Coastal Gas Marketing Company (Petro-Canada Supply); Morgan Hydrocarbons Inc. and Coastal Gas Marketing Company; Renaissance Energy Ltd.; St. Lawrence Gas Company, Inc.; Talisman Energy Inc. (Glenns Ferry); Talisman Energy Inc. (Rupert) : |w(CaOODSP)9.613311 |
| 776 | 0#|tMotifs de décision, Coastal Gas Marketing Company (fournisseur: les producteurs, Coastal Gas Marketing Company (fournisseur: Morrison), Coastal Gas Marketing Company (fournisseur: Petro-Canada), Morgan Hydrocarbons Inc. et Coastal Gas Marketing Company, Renaissance Energy Ltd., St. Lawrence Gas Company Inc., Talisman Energy Inc. (Glenns Ferry), Talisman Energy Inc. (Rupert) : |w(CaOODSP)9.602825 |
| 830 | #0|aMotifs de décision (Canada. Office national de l'énergie)|x1713-0646|w(CaOODSP)9.513162 |
| 986 | |aGHW-1-96 |